|
|
|
|
| LEADER |
00000nab a2200000 i 4500 |
| 001 |
publ156 |
| 005 |
20170611192215.0 |
| 008 |
170403s2003 hu o 000 zxx d |
| 022 |
|
|
|a 1587-5881
|
| 040 |
|
|
|a BGE Publikációtár Repozitórium
|b hun
|
| 100 |
1 |
|
|a Hamar Farkas
|
| 245 |
1 |
0 |
|a Nyugdíjreform - A lakosság szemével
|c Hamar Farkas
|h [elektronikus dokumentum]
|
| 260 |
|
|
|a Budapesti Gazdasági Főiskola Külkereskedelmi Kar
|c 2003
|
| 300 |
|
|
|a 5-12
|
| 490 |
0 |
|
|a Szakmai Füzetek 13
|v No. 13.
|
| 650 |
|
4 |
|a politikatudományok
|
| 695 |
|
|
|a Nyugdíjrendszer
|
| 695 |
|
|
|a Nyugdíjpénztár
|
| 856 |
4 |
0 |
|u https://publikaciotar.uni-bge.hu/id/eprint/156/1/hamar_nyugdijreform.pdf
|z Dokumentum-elérés
|